[Event "Pamplona Navarro-ch"]
[White "Lasa Garcia, Javier"]
[Black "Zozaya Albizu, Martin"]
[Site "Pamplona"]
[Round "2"]
[Result "1-0"]
[Date "2015.04.18"]
[WhiteElo "1753"]
[BlackElo "1553"]
[PlyCount "73"]
[EventDate "2015.04.11"]
[EventType "swiss"]
[EventRounds "8"]
[EventCountry "ESP"]
[SourceTitle "EXT 2016"]
[Source "ChessBase"]
[SourceDate "2015.10.08"]
[SourceVersion "1"]
[SourceVersionDate "2015.10.08"]
[SourceQuality "1"]

1. d4 e6 2. Nf3 Nf6 3. Bg5 c5 4. e3 h6 5. Bh4 cxd4 6. exd4 Nc6 7. c3 d5 8. Nbd2 Be7 9. Bd3 0-0 10. 0-0 Nd7 11. Bg3 Bf6 12. Re1 Re8 13. Ne5 Bxe5 14. dxe5 f5 15. Qh5 Qe7 16. f4 Nc5 17. Be2 Qf7 18. Qh3 b6 19. Bh5 g6 20. Bf3 Qg7 21. Nc4 Nb7 22. Ne3 Nc5 23. Nxd5 exd5 24. Bxd5+ Re6 25. Bf2 Kh7 26. Bxc5 bxc5 27. Qf3 Qd7 28. Rad1 Bb7 29. Bxe6 Qxe6 30. Rd6 Qe8 31. Red1 Rb8 32. Rd7+ Kg8 33. Qd5+ Kh8 34. Qxc5 a6 35. Qd6 Qf8 36. Qxf8+ Rxf8 37. Rxb7 1-0